| 000 | 00955nam a2200313Ia 4500 | ||
|---|---|---|---|
| 008 | 160803s9999 xx 000 0 und d | ||
| 020 | _a 978-0439661638 | ||
| 100 | _aStilton, Geronimo | ||
| 245 | 4 | _aThe temple of the ruby of fire / | |
| 245 | _cGeronimo Stilton ; illustrations by Johnny Stracchino and Mary Fontina ; English translation by Joan L. Giurdanella. | ||
| 260 | _aNew York : | ||
| 260 | _bScholastic Inc. | ||
| 260 | _c2004 | ||
| 300 | _a106 pages : | ||
| 300 | _bcolor illustrations, maps ; | ||
| 300 | _c20 cm. | ||
| 440 | _aGeronimo Stilton ; | ||
| 440 | _vbk. 14 | ||
| 500 | _aTranslation of: Tempio del rubino di fuoco. | ||
| 650 | _aAdventure and adventurers -- | ||
| 650 | _aAmazon River Region -- | ||
| 650 | _aMice -- | ||
| 650 | _aStilton, Geronimo (Fictitious character) -- | ||
| 650 | _x Fiction. | ||
| 650 | _xFiction. | ||
| 650 | _xFiction. | ||
| 650 | _xJuvenile fiction. | ||
| 700 | _a440 | ||
| 999 |
_c298265 _d298265 |
||